| 000 | 00666cab a2200217 4500 | ||
|---|---|---|---|
| 001 | ABS38602 | ||
| 008 | 090401t1987 xxu||||| |||| 00| 0 eng d | ||
| 035 | _a(Sirsi) u11444 | ||
| 041 | _aeng | ||
| 100 | _aGatenby, I. | ||
| 245 | _aPlanning gain and section 52 agreements | ||
| 260 | _c1987 | ||
| 350 | _a0 | ||
| 490 |
_aMcKenna Law Letter _vAutumn 1987, 10-11(2) |
||
| 520 | _aLooks at the concept of planning gain in the recent allegations of `sales` of planning permission by local authorities . | ||
| 650 | _aTOWN AND COUNTRY PLANNING ACT 1971 S52 | ||
| 690 | _aPLANNING LAW AND PRACTICE | ||
| 700 | _aEdwards, M. | ||
| 942 | _n0 | ||
| 948 | _c04/03/1997 | ||
| 999 |
_c7296 _d7296 |
||